000 01061nam a2200277 i 4500
001 187258
003 SpMaBN
005 20251017063116.0
008 170519s1991 ck cf |||| |dspa d
080 _a821.134.2(861) Barba-Jacob, Porfirio 1.07
100 1 _aSanta, Eduardo,
_d1927-
_9162754
245 1 0 _aPorfirio Barba-Jacob y su lamento poético
_b: (estudio crítico) /
_cEduardo Santa.
260 _aBogotá :
_bInstituto Caro y Cuervo,
_c1991.
300 _a221 p., VI h. de lám. ;
_c20 cm.
490 1 _aLa granada entreabierta ;
_v57
500 _aÍndice.
504 _aBibliografía: p. [163]-174.
505 8 _aContiene: Suplemento poético
599 _aH. de lám.: retr. y caricaturas de Porfirio Barba-Jacob.
600 1 7 _aBarba-Jacob, Porfirio-
_xCrítica e interpretación.
_9162755
700 1 2 _aBarba-Jacob, Porfirio.
_925365
710 2 _aInstituto Caro y Cuervo.
_94806
830 0 _aLa granada entreabierta ;
_v57
_9192760
852 _aES-MaACL
_jL-31610
_z. - Donat. Viuda Antonio Tovar
999 _c187258
_d187258